| 000 | 01716nam0a2200349 i 4500 | ||
|---|---|---|---|
| 001 | RU\NLR\BIBL_A\010859638 | ||
| 005 | 20260405191535.0 | ||
| 010 |
_a9785804415236 _9300 |
||
| 021 |
_aRU _b15-67309 |
||
| 035 | _a(NILC)RuMoRGB-008009834 | ||
| 035 | _a(NLR Aleph) 010859638 | ||
| 090 |
_a10414535 _c10414535 |
||
| 100 | _a20151012d2015 k y0rusy50 ca | ||
| 101 | 0 | _arus | |
| 102 | _aRU | ||
| 105 | _aa|||z|||000yy | ||
| 200 | 1 |
_aЭлектроснабжение и стабилизация глубины погружения подводной зарядной станции _fГ. Е. Кувшинов, Л. А. Наумов, К. В. Чупина, П. И. Чепурин _gФедеральное гос. бюджетное учреждение науки "Ин-т проблем морских технологий" ДВО РАН |
|
| 210 |
_aВладивосток _cДальнаука _d2015 |
||
| 215 |
_a155 с. _cил. _d24 |
||
| 320 | _aБиблиогр.: с. 154-155 (26 назв.) | ||
| 606 | 1 |
_aПодводные аппараты _xЭлектроснабжение _91909796 _3RU\NLR\AUTH\66870318 |
|
| 675 | _a629.5 | ||
| 686 | 1 | _aО462.1 | |
| 701 | 1 |
_aКувшинов _bГ. Е. _gГеннадий Евграфович |
|
| 701 | 1 |
_7ca _8rus _aНаумов _bЛ. А. _cд-р техн. наук _f1944- _gЛеонид Анатольевич _966483 _3RU\NLR\AUTH\7783555 |
|
| 701 | 1 |
_aЧупина _bК. В. _gКира Владимировна |
|
| 701 | 1 |
_aЧепурин _bП. И. _gПавел Игоревич |
|
| 801 | 0 |
_aRU _bРГБ _c20150831 _gRCR |
|
| 942 | _cBOOK | ||
| 980 | _aNBR | ||